[Event "20. Obert Int. Sant Marti 2018 - B"]
[Site "Barcelona ESP"]
[Date "2018.07.19"]
[Round "7.77"]
[White "Cassi Gimeno, Jordi"]
[Black "Guerrero Baez, Indira"]
[Result "1/2-1/2"]
[WhiteElo "1464"]
[BlackElo "1300"]
[PlyCount "97"]
[EventDate "2018.07.13"]
[EventType "swiss"]
[EventRounds "9"]
[EventCountry "ESP"]
[SourceTitle "Ajedrez en Madrid"]
[Source "lmi"]
[SourceDate "2018.07.13"]
[SourceVersion "1"]
[SourceVersionDate "2019.06.21"]
[SourceQuality "1"]

1. e4 c5 2. Nf3 Nc6 3. d4 cxd4 4. Nxd4 g6 5. Nc3 Bg7 6. Be3 Nf6 7. f3 Qb6 8.
Rb1 Nxe4 9. Nce2 Nf6 10. Qd2 Qd8 11. Bh6 O-O 12. Bxg7 Kxg7 13. Qg5 Qa5+ 14.
Qxa5 Nxa5 15. Nc3 d5 16. b3 Bd7 17. Bd3 a6 18. Nd1 Nc6 19. Nxc6 Bxc6 20. Kd2 e5
21. Nf2 Rad8 22. Kc1 e4 23. Be2 Nh5 24. Nh3 f5 25. f4 d4 26. g3 d3 27. Bxh5
gxh5 28. cxd3 exd3 29. Rd1 Rfe8 30. Rd2 Re2 31. Ng1 Re1+ 32. Rd1 d2+ 33. Kb2
Rde8 34. Kc3 Rxd1 35. Rxd1 Re1 36. Kxd2 Rxd1+ 37. Kxd1 Kh6 38. Kd2 h4 39. Ke3
hxg3 40. hxg3 Kh5 41. Kf2 Kg4 42. Ne2 Bf3 43. Nd4 Be4 44. a3 Kh5 45. b4 Kg6 46.
Ke3 Kf6 47. Ne2 Ke6 48. Kd4 Kd6 49. Nc3 1/2-1/2

[Event "20. Obert Int. Sant Marti 2018 - B"]
[Site "Barcelona ESP"]
[Date "2018.07.19"]
[Round "7.79"]
[White "Llopis Jordan, Lluis"]
[Black "Bermejo Cuadra, Roberto"]
[Result "1-0"]
[WhiteElo "1683"]
[BlackElo "1315"]
[PlyCount "133"]
[EventDate "2018.07.13"]
[EventType "swiss"]
[EventRounds "9"]
[EventCountry "ESP"]
[SourceTitle "Ajedrez en Madrid"]
[Source "lmi"]
[SourceDate "2018.07.13"]
[SourceVersion "1"]
[SourceVersionDate "2019.06.21"]
[SourceQuality "1"]

1. d4 d5 2. c4 Nf6 3. Nc3 e6 4. Bg5 h6 5. Bh4 g5 6. Bg3 dxc4 7. Qa4+ Bd7 8.
Qxc4 Bd6 9. Nf3 Bxg3 10. hxg3 c6 11. Nxg5 b5 12. Qd3 Nd5 13. Nge4 Nxc3 14. Qxc3
f5 15. Nd6+ Kf8 16. Nb7 Qf6 17. Nc5 a5 18. Nxd7+ Nxd7 19. Qxc6 Ke7 20. e3 Rhc8
21. Qxb5 Rcb8 22. Qe2 e5 23. O-O-O Qc6+ 24. Kb1 Qe4+ 25. Qd3 Qxd3+ 26. Bxd3 e4
27. Be2 Rh8 28. Rc1 Ra7 29. Rc6 Nf6 30. Rhc1 Nd5 31. a3 a4 32. R1c5 Nf6 33.
Rxf5 Rf8 34. Bc4 Nd7 35. Re6+ Kd8 36. Rxf8+ Nxf8 37. Rxe4 Rc7 38. Bb5 Rf7 39.
f3 Nh7 40. Bxa4 Nf6 41. Re5 Ra7 42. Rf5 Ke7 43. Bb5 Rb7 44. e4 Ke6 45. Bc4+ Ke7
46. e5 Nd7 47. e6 Nf6 48. d5 Rb6 49. a4 Ne8 50. Rh5 Nd6 51. Ba2 Rb4 52. Rh4 Rb8
53. Rxh6 Rb4 54. Rh4 Rb8 55. b4 Rg8 56. g4 Rc8 57. g5 Rc3 58. Rh7+ Ke8 59. g6
Kf8 60. f4 Rg3 61. f5 Nxf5 62. Rf7+ Ke8 63. Rxf5 Rxg6 64. d6 Rxg2 65. d7+ Ke7
66. Rf7+ Kd8 67. Rf8+ 1-0

[Event "20. Obert Int. Sant Marti 2018 - B"]
[Site "Barcelona ESP"]
[Date "2018.07.19"]
[Round "7.80"]
[White "Membrives Cano, Diego"]
[Black "Munoz Prior, Marcelo"]
[Result "0-1"]
[WhiteElo "1262"]
[BlackElo "1631"]
[PlyCount "86"]
[EventDate "2018.07.13"]
[EventType "swiss"]
[EventRounds "9"]
[EventCountry "ESP"]
[SourceTitle "Ajedrez en Madrid"]
[Source "lmi"]
[SourceDate "2018.07.13"]
[SourceVersion "1"]
[SourceVersionDate "2019.06.21"]
[SourceQuality "1"]

1. d4 d5 2. Bf4 Nf6 3. e3 g6 4. c4 Bg7 5. Nf3 O-O 6. Nc3 Na6 7. h3 c5 8. dxc5
dxc4 9. Bxc4 Nxc5 10. Qxd8 Rxd8 11. O-O Bf5 12. Ne5 Be6 13. Bxe6 Nxe6 14. Bg3
Nd5 15. Rad1 Nxc3 16. bxc3 Nc5 17. c4 Ne4 18. Bf4 Nc3 19. Rxd8+ Rxd8 20. Ng4
Nxa2 21. Be5 Nc3 22. Bxg7 Kxg7 23. f4 Nd1 24. Re1 a5 25. c5 f6 26. Nf2 Nc3 27.
Kf1 Rd5 28. e4 Rxc5 29. e5 Kf7 30. exf6 exf6 31. Ne4 Nxe4 32. Rxe4 f5 33. Ra4
b6 34. Ke2 Ke6 35. Ke3 Kd6 36. Kd4 Rd5+ 37. Kc3 Kc6 38. g4 Kb7 39. Rd4 Rxd4 40.
Kxd4 a4 41. Kc4 Kc6 42. Kb4 b5 43. gxf5 gxf5 0-1

[Event "20. Obert Int. Sant Marti 2018 - B"]
[Site "Barcelona ESP"]
[Date "2018.07.19"]
[Round "7.81"]
[White "Samper Gonzalez, Pedro"]
[Black "Casas Vinas, Arthur"]
[Result "0-1"]
[WhiteElo "1470"]
[BlackElo "1249"]
[PlyCount "60"]
[EventDate "2018.07.13"]
[EventType "swiss"]
[EventRounds "9"]
[EventCountry "ESP"]
[SourceTitle "Ajedrez en Madrid"]
[Source "lmi"]
[SourceDate "2018.07.13"]
[SourceVersion "1"]
[SourceVersionDate "2019.06.21"]
[SourceQuality "1"]

1. e4 c5 2. Nf3 g6 3. d4 cxd4 4. Nxd4 Bg7 5. Be3 Nc6 6. Nc3 Nf6 7. Bc4 Qa5 8.
O-O O-O 9. a3 d6 10. b4 Qd8 11. Bb3 Ng4 12. Qd2 Nxe3 13. Nxc6 Nxf1 14. Nxe7+
Qxe7 15. Rxf1 Bxc3 16. Qxc3 Qxe4 17. Re1 Qf5 18. Qc7 Qg5 19. Kf1 Qh5 20. Kg1 b6
21. c3 Qg5 22. Kf1 Bf5 23. Bc4 Rac8 24. Bxf7+ Rxf7 25. Qxd6 Rd8 26. Qe5 Bd3+
27. Kg1 Qxe5 28. Rxe5 Ba6 29. h3 Rd1+ 30. Kh2 Rxf2 0-1

[Event "20. Obert Int. Sant Marti 2018 - B"]
[Site "Barcelona ESP"]
[Date "2018.07.19"]
[Round "7.82"]
[White "Gupta, Ritvik"]
[Black "Castillo Rosa, Jose Luis"]
[Result "1-0"]
[WhiteElo "1021"]
[BlackElo "1402"]
[PlyCount "95"]
[EventDate "2018.07.13"]
[EventType "swiss"]
[EventRounds "9"]
[EventCountry "ESP"]
[SourceTitle "Ajedrez en Madrid"]
[Source "lmi"]
[SourceDate "2018.07.13"]
[SourceVersion "1"]
[SourceVersionDate "2019.06.21"]
[SourceQuality "1"]

1. e4 c5 2. Nf3 e6 3. d4 cxd4 4. Nxd4 a6 5. Nc3 Qc7 6. Bd3 Nf6 7. O-O Nc6 8.
Nxc6 dxc6 9. f4 e5 10. Kh1 b5 11. a3 Bd6 12. f5 Bb7 13. Bg5 O-O-O 14. Qd2 Be7
15. Qf2 c5 16. Bxf6 gxf6 17. Rfd1 c4 18. Be2 Bc5 19. Rxd8+ Rxd8 20. Qe1 Bd4 21.
Bf3 Bc6 22. Rd1 Rg8 23. b4 Rg5 24. Ne2 Be3 25. Qh4 Rg7 26. Qxf6 Rg8 27. Rd6 Bg5
28. Qxe5 Rd8 29. Rxd8+ Qxd8 30. Nd4 Bb7 31. Qc5+ Kb8 32. Nc6+ Bxc6 33. Qxc6 Qd2
34. Qe8+ Bd8 35. h3 f6 36. e5 Qe1+ 37. Kh2 Qxe5+ 38. Qxe5+ fxe5 39. Be4 h5 40.
g3 Kc7 41. h4 Kb6 42. Kh3 a5 43. g4 Be7 44. g5 axb4 45. axb4 Bxb4 46. g6 Bf8
47. f6 b4 48. g7 1-0

[Event "20. Obert Int. Sant Marti 2018 - B"]
[Site "Barcelona ESP"]
[Date "2018.07.19"]
[Round "7.83"]
[White "Apinyan, Mark"]
[Black "Guinjoan Fradera, Joan"]
[Result "1-0"]
[WhiteElo "1269"]
[BlackElo "1470"]
[PlyCount "77"]
[EventDate "2018.07.13"]
[EventType "swiss"]
[EventRounds "9"]
[EventCountry "ESP"]
[SourceTitle "Ajedrez en Madrid"]
[Source "lmi"]
[SourceDate "2018.07.13"]
[SourceVersion "1"]
[SourceVersionDate "2019.06.21"]
[SourceQuality "1"]

1. d4 d5 2. c4 dxc4 3. e3 e6 4. Bxc4 Nf6 5. Nf3 Bb4+ 6. Nc3 b6 7. Qa4+ Qd7 8.
Qxb4 Nc6 9. Qa4 Na5 10. Qxd7+ Bxd7 11. Bd3 Bc6 12. Bb5 O-O-O 13. Bxc6 Nxc6 14.
O-O Nd7 15. a3 f6 16. e4 Na5 17. Bf4 g5 18. Bg3 h5 19. h3 g4 20. hxg4 hxg4 21.
Nh2 Nc4 22. b3 Nd2 23. Rfd1 Nxb3 24. Rab1 Na5 25. Nb5 c6 26. Nd6+ Kb8 27. Nf7+
Kb7 28. Nxd8+ Rxd8 29. Nxg4 f5 30. exf5 exf5 31. Ne5 Nf6 32. f3 Nd5 33. Rdc1
Ne3 34. Be1 Rd5 35. Bxa5 Rxa5 36. Nxc6 Rxa3 37. Nd8+ Ka6 38. Ra1 Rxa1 39. Rxa1+
1-0

[Event "20. Obert Int. Sant Marti 2018 - B"]
[Site "Barcelona ESP"]
[Date "2018.07.19"]
[Round "7.85"]
[White "Minko, Aleksandr"]
[Black "Marcos Rodriguez, Raul"]
[Result "1-0"]
[WhiteElo "1112"]
[BlackElo "1360"]
[PlyCount "37"]
[EventDate "2018.07.13"]
[EventType "swiss"]
[EventRounds "9"]
[EventCountry "ESP"]
[SourceTitle "Ajedrez en Madrid"]
[Source "lmi"]
[SourceDate "2018.07.13"]
[SourceVersion "1"]
[SourceVersionDate "2019.06.21"]
[SourceQuality "1"]

1. e4 c6 2. d4 d5 3. exd5 cxd5 4. Bd3 Nc6 5. c3 Nf6 6. Bf4 g6 7. Nd2 Bg7 8. Qc2
O-O 9. h4 Re8 10. Ngf3 Bg4 11. O-O-O Qb6 12. Rde1 Rac8 13. a3 Nd7 14. Nb3 a5
15. Kb1 f6 16. Bxg6 hxg6 17. Qxg6 f5 18. Bh6 Nce5 19. Qxg7# 1-0

[Event "20. Obert Int. Sant Marti 2018 - B"]
[Site "Barcelona ESP"]
[Date "2018.07.19"]
[Round "7.88"]
[White "Villalonga Royo, Lluis"]
[Black "Del Rio Baena, Dani"]
[Result "0-1"]
[WhiteElo "1341"]
[BlackElo "1050"]
[PlyCount "163"]
[EventDate "2018.07.13"]
[EventType "swiss"]
[EventRounds "9"]
[EventCountry "ESP"]
[SourceTitle "Ajedrez en Madrid"]
[Source "lmi"]
[SourceDate "2018.07.13"]
[SourceVersion "1"]
[SourceVersionDate "2019.06.21"]
[SourceQuality "1"]

1. d4 d5 2. e3 Nf6 3. Nf3 Nc6 4. Bb5 Bd7 5. c3 a6 6. Bd3 g6 7. c4 e6 8. c5 Bg7
9. b3 O-O 10. Ba3 Re8 11. O-O e5 12. dxe5 Nxe5 13. Bb2 Bg4 14. Be2 Nxf3+ 15.
Bxf3 Bxf3 16. Qxf3 Ne4 17. Bxg7 Kxg7 18. b4 Ng5 19. Qd1 Qf6 20. Qd4 Qxd4 21.
exd4 Re2 22. Nc3 Rd2 23. Rad1 Rc2 24. Rc1 Rxc1 25. Rxc1 Re8 26. f4 Ne4 27. Re1
Kf6 28. Nxd5+ Kf5 29. g3 Rd8 30. Ne3+ Kf6 31. Nc2 Nc3 32. a3 g5 33. fxg5+ Kxg5
34. Re7 Kg6 35. Kg2 Nb5 36. Re4 Kf5 37. Rf4+ Kg6 38. h4 Rd7 39. Kh3 b6 40. cxb6
cxb6 41. Kg4 Rc7 42. h5+ Kg7 43. Rf2 Rc3 44. a4 Nd6 45. Kf4 Rc8 46. g4 Rc4 47.
Ke5 Ne8 48. Rh2 Nf6 49. Kf5 h6 50. g5 Ng8 51. Rg2 Ne7+ 52. Ke5 Nc6+ 53. Kd5 Rc3
54. Rh2 Ne7+ 55. Ke4 Rg3 56. Kf4 Rxg5 57. Ne3 a5 58. b5 Nd5+ 59. Ke4 Nc3+ 60.
Kd3 Nxa4 61. Rg2 Rxg2 62. Nxg2 Kf6 63. Nf4 Nb2+ 64. Kc2 Nc4 65. Kc3 Nd6 66.
Nd5+ Kg5 67. Nxb6 Nxb5+ 68. Kc4 Nxd4 69. Kxd4 Kxh5 70. Na4 Kg4 71. Kc4 h5 72.
Nc3 h4 73. Ne4 h3 74. Nf2+ Kg3 75. Nxh3 Kxh3 76. Kb5 f5 77. Kxa5 f4 78. Kb4 f3
79. Kc3 f2 80. Kd2 f1=Q 81. Kc2 Qf3 82. Kb2 0-1

[Event "20. Obert Int. Sant Marti 2018 - B"]
[Site "Barcelona ESP"]
[Date "2018.07.20"]
[Round "8.1"]
[White "Cano Sevilla, Ivan"]
[Black "Perez Garcia, Jose Miguel"]
[Result "1-0"]
[WhiteElo "1948"]
[BlackElo "1891"]
[PlyCount "59"]
[EventDate "2018.07.13"]
[EventType "swiss"]
[EventRounds "9"]
[EventCountry "ESP"]
[SourceTitle "Ajedrez en Madrid"]
[Source "lmi"]
[SourceDate "2018.07.13"]
[SourceVersion "1"]
[SourceVersionDate "2019.06.21"]
[SourceQuality "1"]

1. b3 d6 2. Bb2 Nd7 3. e3 Ngf6 4. Nf3 g6 5. Be2 Bg7 6. O-O O-O 7. d4 Ne4 8.
Nbd2 Ndf6 9. c4 c5 10. Rc1 b6 11. d5 Bd7 12. Nxe4 Nxe4 13. Bxg7 Kxg7 14. Bd3
Nf6 15. e4 Bg4 16. h3 Bxf3 17. Qxf3 Nd7 18. Qe3 Ne5 19. Bc2 a6 20. Qc3 Kg8 21.
f4 Nd7 22. e5 b5 23. Qg3 Kg7 24. h4 bxc4 25. bxc4 f5 26. exf6+ Rxf6 27. Rce1
Nf8 28. f5 Ra7 29. h5 Qe8 30. fxg6 1-0

[Event "20. Obert Int. Sant Marti 2018 - B"]
[Site "Barcelona ESP"]
[Date "2018.07.20"]
[Round "8.2"]
[White "Nadal Fajardo, Ricard"]
[Black "Prats Safont, Sergi"]
[Result "0-1"]
[WhiteElo "1894"]
[BlackElo "1918"]
[PlyCount "122"]
[EventDate "2018.07.13"]
[EventType "swiss"]
[EventRounds "9"]
[EventCountry "ESP"]
[SourceTitle "Ajedrez en Madrid"]
[Source "lmi"]
[SourceDate "2018.07.13"]
[SourceVersion "1"]
[SourceVersionDate "2019.06.21"]
[SourceQuality "1"]

1. c4 Nf6 2. Nf3 c5 3. g3 d5 4. cxd5 Nxd5 5. Bg2 Nc6 6. Nc3 Nc7 7. d3 e5 8. O-O
Be7 9. b3 Be6 10. Bb2 f6 11. Rc1 Qd7 12. Ne4 b6 13. a3 Rc8 14. Qc2 Na6 15. Rfd1
O-O 16. e3 Rfd8 17. Bf1 Na5 18. Ned2 b5 19. Ra1 Qd5 20. Bg2 Qxd3 21. Qxd3 Rxd3
22. Bf1 Rd6 23. Bxb5 Rb8 24. Be2 Nxb3 25. Nxb3 Rxd1+ 26. Rxd1 Rxb3 27. Bxe5
fxe5 28. Bxa6 Rxa3 29. Bb7 Bf6 30. Bd5 Kf7 31. Kg2 c4 32. e4 c3 33. Bxe6+ Kxe6
34. Rd5 a5 35. h4 a4 36. Ne1 Ra1 37. Nd3 Ra2 38. Rc5 Rc2 39. Ne1 Re2 40. Nd3
Rxe4 41. Rxc3 Be7 42. Nc5+ Bxc5 43. Rxc5 Kd6 44. Ra5 Rb4 45. Ra7 Kc6 46. Rxg7
Rb7 47. Rg4 Ra7 48. Rc4+ Kd5 49. Rc1 a3 50. Kf3 a2 51. Ra1 h5 52. Ke3 Kc4 53.
Ke4 Ra5 54. f4 exf4 55. gxf4 Kb3 56. f5 Ra4+ 57. Ke5 Rxh4 58. f6 Ra4 59. Kf5 h4
60. f7 Ra8 61. Rh1 a1=Q 0-1

[Event "20. Obert Int. Sant Marti 2018 - B"]
[Site "Barcelona ESP"]
[Date "2018.07.20"]
[Round "8.3"]
[White "Vargas Drechsler, Carlos"]
[Black "Walter Travella, German"]
[Result "1-0"]
[WhiteElo "1871"]
[BlackElo "1924"]
[PlyCount "77"]
[EventDate "2018.07.13"]
[EventType "swiss"]
[EventRounds "9"]
[EventCountry "ESP"]
[SourceTitle "Ajedrez en Madrid"]
[Source "lmi"]
[SourceDate "2018.07.13"]
[SourceVersion "1"]
[SourceVersionDate "2019.06.21"]
[SourceQuality "1"]

1. e4 d5 2. exd5 Nf6 3. Nc3 Nxd5 4. Bc4 Nb6 5. Bb3 Nc6 6. Nf3 Bf5 7. d3 e6 8.
h3 Na5 9. O-O Nxb3 10. axb3 a6 11. Be3 Be7 12. Bxb6 cxb6 13. Re1 h5 14. Ra4 b5
15. Rf4 b4 16. Rd4 Qb8 17. Ne4 Bxe4 18. Rdxe4 Rh6 19. Nd4 Kf8 20. Nf5 exf5 21.
Rxe7 Qf4 22. g3 Qd4 23. Qf3 Rb8 24. Qxb7 Rb6 25. Rxf7+ Kg8 26. Qd7 Qxd7 27.
Rxd7 Rc8 28. Ree7 g6 29. Rc7 Ra8 30. Kg2 Kf8 31. Rh7 Kg8 32. Rhe7 Kf8 33. Kf3
Rc8 34. Rh7 Kg8 35. Rxc8+ Kxh7 36. d4 Kh6 37. d5 Rf6 38. Ke3 Rf7 39. d6 1-0

[Event "20. Obert Int. Sant Marti 2018 - B"]
[Site "Barcelona ESP"]
[Date "2018.07.20"]
[Round "8.4"]
[White "Palacios Pena, Gerardo"]
[Black "Costa Trave, Jaume"]
[Result "1/2-1/2"]
[WhiteElo "1905"]
[BlackElo "1862"]
[PlyCount "87"]
[EventDate "2018.07.13"]
[EventType "swiss"]
[EventRounds "9"]
[EventCountry "ESP"]
[SourceTitle "Ajedrez en Madrid"]
[Source "lmi"]
[SourceDate "2018.07.13"]
[SourceVersion "1"]
[SourceVersionDate "2019.06.21"]
[SourceQuality "1"]

1. d4 d5 2. Bf4 Bf5 3. e3 e6 4. c3 Nd7 5. Bd3 Ne7 6. Nf3 Bg4 7. h3 Bh5 8. Nbd2
a6 9. Qc2 h6 10. Ne5 Nxe5 11. Bxe5 f6 12. Bg3 Bf7 13. O-O Nc8 14. e4 c6 15.
exd5 exd5 16. Rfe1+ Be7 17. Nf3 O-O 18. Nh4 Bd6 19. Re3 Re8 20. Rxe8+ Qxe8 21.
Nf5 Bxg3 22. Nxg3 Nd6 23. Qd2 Bg6 24. Re1 Qf7 25. Bxg6 Qxg6 26. Re7 Re8 27. Qe3
Kf8 28. Rxe8+ Qxe8 29. Qxe8+ Kxe8 30. Kf1 g6 31. Ke2 Ke7 32. Kd3 h5 33. f3 h4
34. Nf1 Nf5 35. Ne3 Ke6 36. Nxf5 Kxf5 37. Ke3 g5 38. b3 a5 39. c4 b5 40. cxd5
cxd5 41. a3 Kg6 42. Kd3 f5 43. Ke3 Kh5 44. Kd3 1/2-1/2

[Event "20. Obert Int. Sant Marti 2018 - B"]
[Site "Barcelona ESP"]
[Date "2018.07.20"]
[Round "8.6"]
[White "Moravich, Juan"]
[Black "Gonzalez Lafita, Oscar"]
[Result "1-0"]
[WhiteElo "1949"]
[BlackElo "1849"]
[PlyCount "62"]
[EventDate "2018.07.13"]
[EventType "swiss"]
[EventRounds "9"]
[EventCountry "ESP"]
[SourceTitle "Ajedrez en Madrid"]
[Source "lmi"]
[SourceDate "2018.07.13"]
[SourceVersion "1"]
[SourceVersionDate "2019.06.21"]
[SourceQuality "1"]

1. c4 g6 2. Nc3 Nf6 3. g3 d5 4. cxd5 Nxd5 5. Bg2 c6 6. Qb3 Nxc3 7. Qxc3 Rg8 8.
Nf3 Bg7 9. Qc2 Bf5 10. d3 Nd7 11. O-O Qb6 12. Be3 Qc7 13. Rfc1 e5 14. Nd2 Ke7
15. Rab1 Rgc8 16. b4 Qd8 17. Nc4 Kf8 18. Nd6 Rcb8 19. b5 Be6 20. bxc6 bxc6 21.
Bxc6 Rxb1 22. Qxb1 Rb8 23. Nb7 Qe7 24. Bxd7 Qxd7 25. Nc5 Qd8 26. Nxe6+ fxe6 27.
Qc2 e4 28. dxe4 Rb2 29. Qc8 Bf6 30. Qxd8+ Bxd8 31. Rc8 Ke7 1-0

[Event "20. Obert Int. Sant Marti 2018 - B"]
[Site "Barcelona ESP"]
[Date "2018.07.20"]
[Round "8.7"]
[White "Low, Ethan"]
[Black "Planella Sanchez, Jordi"]
[Result "1-0"]
[WhiteElo "1741"]
[BlackElo "1945"]
[PlyCount "87"]
[EventDate "2018.07.13"]
[EventType "swiss"]
[EventRounds "9"]
[EventCountry "ESP"]
[SourceTitle "Ajedrez en Madrid"]
[Source "lmi"]
[SourceDate "2018.07.13"]
[SourceVersion "1"]
[SourceVersionDate "2019.06.21"]
[SourceQuality "1"]

1. e4 g6 2. d4 Bg7 3. c3 d5 4. e5 c5 5. f4 cxd4 6. cxd4 Nh6 7. Nc3 O-O 8. h3
Nf5 9. Nge2 e6 10. g3 Nc6 11. Bg2 a5 12. O-O b6 13. g4 Nfe7 14. Be3 Ba6 15. a3
Qd7 16. Rf2 Na7 17. Ng3 Nb5 18. Nxb5 Bxb5 19. h4 Rac8 20. f5 exf5 21. gxf5 Nxf5
22. Nxf5 gxf5 23. Bh3 Qe7 24. Bxf5 Bd7 25. Qg4 Bxf5 26. Rxf5 Rc6 27. Bg5 f6 28.
Bxf6 Rcxf6 29. Rxf6 Rxf6 30. exf6 Qxf6 31. Qc8+ Bf8 32. Qg4+ Bg7 33. Rd1 Kh8
34. Kg2 h6 35. h5 Qc6 36. Rd2 Qf6 37. Qg3 Qe6 38. Kf2 Qf5+ 39. Qf3 Qg5 40. Ke2
Qh4 41. Qxd5 Bf6 42. Kd3 Qe1 43. Kc2 Bg5 44. Qe5+ 1-0

[Event "20. Obert Int. Sant Marti 2018 - B"]
[Site "Barcelona ESP"]
[Date "2018.07.20"]
[Round "8.8"]
[White "Pascual Gonzalez-Novelles, Carles"]
[Black "Sumelzo Lozano, Jose"]
[Result "0-1"]
[WhiteElo "1717"]
[BlackElo "1941"]
[PlyCount "80"]
[EventDate "2018.07.13"]
[EventType "swiss"]
[EventRounds "9"]
[EventCountry "ESP"]
[SourceTitle "Ajedrez en Madrid"]
[Source "lmi"]
[SourceDate "2018.07.13"]
[SourceVersion "1"]
[SourceVersionDate "2019.06.21"]
[SourceQuality "1"]

1. e4 d5 2. exd5 Qxd5 3. Nc3 Qa5 4. d4 Nf6 5. Nf3 Bf5 6. Bd3 Bxd3 7. Qxd3 e6 8.
O-O Nc6 9. Bf4 Bd6 10. Bxd6 cxd6 11. a3 d5 12. Rfe1 O-O 13. Ne2 Rac8 14. Ne5
Qc7 15. f4 Ne4 16. c3 f5 17. Ng3 Nxe5 18. fxe5 Qe7 19. Rad1 Rf7 20. Rf1 Rcf8
21. Ne2 g5 22. c4 f4 23. Qf3 Rg7 24. cxd5 exd5 25. Nc3 Nxc3 26. bxc3 Qe6 27. h3
Rc7 28. Rb1 a6 29. Rb4 Rfc8 30. Rb3 Kg7 31. Rfb1 b5 32. h4 h6 33. hxg5 hxg5 34.
Qh5 Qf5 35. Qf3 Rxc3 36. Qxd5 Rc1+ 37. Rxc1 Rxc1+ 38. Kh2 g4 39. Qb7+ Kh8 40.
Qa8+ Rc8 0-1

[Event "20. Obert Int. Sant Marti 2018 - B"]
[Site "Barcelona ESP"]
[Date "2018.07.20"]
[Round "8.9"]
[White "Pera Muntasell, Marc"]
[Black "Cabrera Marmol, Manuel"]
[Result "1-0"]
[WhiteElo "1920"]
[BlackElo "1714"]
[PlyCount "118"]
[EventDate "2018.07.13"]
[EventType "swiss"]
[EventRounds "9"]
[EventCountry "ESP"]
[SourceTitle "Ajedrez en Madrid"]
[Source "lmi"]
[SourceDate "2018.07.13"]
[SourceVersion "1"]
[SourceVersionDate "2019.06.21"]
[SourceQuality "1"]

1. e4 e5 2. Nf3 Nf6 3. Nxe5 d6 4. Nf3 Nxe4 5. c4 Be7 6. Nc3 Nxc3 7. dxc3 Nc6 8.
Bf4 Bg4 9. h3 Bh5 10. Bd3 Ne5 11. Bxe5 Bxf3 12. Qxf3 dxe5 13. Qxb7 O-O 14. Rd1
Qe8 15. Qe4 f5 16. Qxe5 Qg6 17. O-O Bd6 18. Qd5+ Kh8 19. Rfe1 Rad8 20. Qf3 Qg5
21. Bc2 h6 22. Rd5 g6 23. g3 Rfe8 24. Red1 Be7 25. Ba4 Rxd5 26. cxd5 Rb8 27.
Qe2 Bd6 28. b3 f4 29. g4 Rf8 30. Qf3 Rf7 31. Re1 h5 32. Re8+ Kg7 33. Re6 h4 34.
Be8 Rf6 35. Bd7 Rxe6 36. Bxe6 Qe5 37. Kg2 Qe1 38. b4 Qa1 39. Qd3 Be5 40. Qb5
Qxc3 41. Qd7+ Kh6 42. g5+ Kxg5 43. Bg4 Qxb4 44. Qd8+ Bf6 45. Qxc7 Qe4+ 46. Bf3
Qa4 47. Qc8 Qd4 48. Qe6 Qd2 49. Qg4+ Kh6 50. Be4 f3+ 51. Kxf3 Qd1+ 52. Kg2
Qxg4+ 53. hxg4 Kg5 54. Kh3 Kh6 55. f4 g5 56. f5 Kg7 57. Kg2 Kf7 58. Kf3 Ke7 59.
Ke3 Kd6 1-0

[Event "20. Obert Int. Sant Marti 2018 - B"]
[Site "Barcelona ESP"]
[Date "2018.07.20"]
[Round "8.10"]
[White "Morais Carreras, Javier"]
[Black "Ishaan, Bansal"]
[Result "1-0"]
[WhiteElo "1913"]
[BlackElo "1759"]
[PlyCount "145"]
[EventDate "2018.07.13"]
[EventType "swiss"]
[EventRounds "9"]
[EventCountry "ESP"]
[SourceTitle "Ajedrez en Madrid"]
[Source "lmi"]
[SourceDate "2018.07.13"]
[SourceVersion "1"]
[SourceVersionDate "2019.06.21"]
[SourceQuality "1"]

1. e4 d5 2. exd5 Nf6 3. Bb5+ Bd7 4. Bc4 Bg4 5. f3 Bf5 6. g4 Bg6 7. Nc3 a6 8. a4
Nbd7 9. a5 Rc8 10. f4 h5 11. f5 Bh7 12. g5 Ng8 13. Qxh5 Ne5 14. Bb3 g6 15. Qe2
Qd6 16. d4 Nd7 17. f6 Kd8 18. fxe7+ Nxe7 19. Bd2 Nf5 20. Nf3 Bg7 21. Ne4 Qe7
22. Nc5 Qxe2+ 23. Kxe2 Nxd4+ 24. Nxd4 Nxc5 25. Bc3 Re8+ 26. Kf3 Ne4 27. Nc6+
bxc6 28. Bxg7 Nd2+ 29. Kf2 Nxb3 30. Rad1 Kd7 31. cxb3 c5 32. Rc1 Kd6 33. Rc4
Rb8 34. Rhc1 Rb5 35. b4 cxb4 36. Rc6+ Kxd5 37. Rxa6 c5 38. b3 Re6 39. Rd1+ Ke4
40. Rxe6+ fxe6 41. Ra1 Rb7 42. a6 Ra7 43. Ke2 Bg8 44. Bf8 Kd5 45. Ra5 Kc6 46.
Bxc5 Ra8 47. Kd3 e5 48. Ke4 Bxb3 49. Kxe5 Bc4 50. Bxb4 Kb6 51. Kf6 Bd3 52. Rd5
Bc2 53. Rd2 Be4 54. Re2 Bd3 55. Re3 Bc2 56. Re2 Bd3 57. Rd2 Be4 58. Ke5 Bb1 59.
Rb2 Bd3 60. Rb3 Bc2 61. Bc5+ Kxa6 62. Rb6+ Ka5 63. Rb2 Ba4 64. Kf6 Ra6+ 65.
Bb6+ Rxb6+ 66. Rxb6 Kxb6 67. Kxg6 Kc7 68. h4 Kd8 69. h5 Be8+ 70. Kh6 Ke7 71. g6
Kf8 72. Kh7 Bf7 73. g7+ 1-0

[Event "20. Obert Int. Sant Marti 2018 - B"]
[Site "Barcelona ESP"]
[Date "2018.07.20"]
[Round "8.11"]
[White "Raghav, Bansal"]
[Black "Melnik, Alexander"]
[Result "1-0"]
[WhiteElo "1541"]
[BlackElo "1882"]
[PlyCount "47"]
[EventDate "2018.07.13"]
[EventType "swiss"]
[EventRounds "9"]
[EventCountry "ESP"]
[SourceTitle "Ajedrez en Madrid"]
[Source "lmi"]
[SourceDate "2018.07.13"]
[SourceVersion "1"]
[SourceVersionDate "2019.06.21"]
[SourceQuality "1"]

1. d4 Nf6 2. Bf4 d5 3. e3 e6 4. Nf3 Bd6 5. Bg3 O-O 6. Nbd2 c5 7. c3 Qe7 8. Bd3
h6 9. Ne5 Nc6 10. f4 Bd7 11. O-O b5 12. Bh4 c4 13. Bc2 Qd8 14. Bxf6 gxf6 15.
Qg4+ Kh8 16. Qh5 Kg7 17. Rf3 f5 18. Rg3+ Kh7 19. Ndf3 Nxe5 20. Ng5+ Qxg5 21.
fxg5 Ng6 22. Qxh6+ Kg8 23. Rh3 Rfe8 24. g4 1-0

[Event "20. Obert Int. Sant Marti 2018 - B"]
[Site "Barcelona ESP"]
[Date "2018.07.20"]
[Round "8.12"]
[White "Saxena, Anshul"]
[Black "Fernandez Egea, Andres"]
[Result "1-0"]
[WhiteElo "1647"]
[BlackElo "1876"]
[PlyCount "69"]
[EventDate "2018.07.13"]
[EventType "swiss"]
[EventRounds "9"]
[EventCountry "ESP"]
[SourceTitle "Ajedrez en Madrid"]
[Source "lmi"]
[SourceDate "2018.07.13"]
[SourceVersion "1"]
[SourceVersionDate "2019.06.21"]
[SourceQuality "1"]

1. e4 e5 2. Nf3 Nc6 3. Bc4 Be7 4. c3 Nf6 5. Qe2 d6 6. Bb3 Bg4 7. d3 h6 8. Nbd2
O-O 9. Nf1 d5 10. h3 Bh5 11. g4 Bg6 12. Ng3 d4 13. Nh4 Kh7 14. Nhf5 Ng8 15. h4
Bxf5 16. Nxf5 g6 17. Nxe7 Qxe7 18. Bd2 dxc3 19. bxc3 a5 20. a4 Rad8 21. g5 h5
22. Bc2 Qd7 23. f4 exf4 24. Bxf4 Rfe8 25. O-O Ne5 26. Bxe5 Rxe5 27. d4 Re7 28.
Rf4 Qc6 29. Qd3 Kg7 30. Raf1 b6 31. Bb3 Rf8 32. e5 Rd7 33. e6 Rd6 34. Rxf7+
Rxf7 35. Rxf7+ 1-0